Score 0/15 Timer 04:00
0 Plays Today
Quote spoken to or by the character Missing Names Alphabetically % Correct
'Mrs. _____... You're going into the men's room!'Doubtfire (Mrs. Doubtfire)
90.3%
'I just love the smell of a new car. Don't you, Miss _____?'Daisy (Driving Miss Daisy)
85.5%
'Wait, why do I get the girl gun?' - Mrs. _____Smith (Mr. & Mrs. Smith)
76.2%
'Mrs. _____, you're trying to seduce me. Aren't you?'Robinson (The Graduate)
75.3%
'It's so nice to have a big, strong spud around the house'
- Mrs. _____ Head
Potato (Toy Story 2)
68.2%
'I am truly in my prime' - Miss _____ BrodieJean (The Prime of Miss Jean Brodie)
51.3%
'Miss _____, give 007 the password!'Moneypenny (You Only Live Twice)
50.5%
'Mammy, here's Miss _____'s vittles.'Scarlett (Gone With the Wind)
36.9%
Quote spoken to or by the character Missing Names Alphabetically % Correct
While the cups do their soft-shoein', I'll be bubbling, I'll be brewing'
- Mrs. _____ (singing)
Potts (Beauty and the Beast)
36.8%
'Please! Please! Not my frog, please!' - Miss _____Piggy (The Muppet Movie)
36.5%
'Norman allowed us a peek at Peter Rabbit, Miss _____.
We found it utterly charming.'
Potter (Miss Potter)
31.4%
'Oh, no... It’s Filch’s cat... It’s Mrs. _____.'Norris (Harry Potter C.O.S.)
26%
'Well I am scared, just as I was when I took that German pilot
single-handed' - Mrs. _____
Miniver (Mrs. Miniver)
24.8%
'Oh, but Aunt Em, Miss _____ hit Toto right over the back...'Gulch (The Wizard of Oz)
19%
'There you'll sample Mrs. _____'s meat pies; savory and sweet...'Lovett (Sweeney Todd…)
12.3%

Today's Daily Dose

Remove Ads.
Support Sporcle.
Get the best of Sporcle when you Go Orange. This ad-free experience offers more features, more stats, and more fun while also helping to support Sporcle. Thank you for becoming a member.

You're not logged in!

Compare scores with friends on all Sporcle quizzes.
OR
Log In

Show Comments

Extras

Top Quizzes Today


Score Distribution

Your Account Isn't Verified!

In order to create a playlist on Sporcle, you need to verify the email address you used during registration. Go to your Sporcle Settings to finish the process.

Report this User

Report this user for behavior that violates our Community Guidelines.

Details: